Normal view
MARC view
- Control problems in Robotics and automation
Entry Topical Term
001 - CONTROL NUMBER
- control field: 124720
003 - CONTROL NUMBER IDENTIFIER
- control field: NUST
005 - DATE AND TIME OF LATEST TRANSACTION
- control field: 20240722124521.0
008 - FIXED-LENGTH DATA ELEMENTS
- fixed length control field: 240722|| aca||aabn | a|a d
040 ## - CATALOGING SOURCE
- Original cataloging agency: NUST
- Transcribing agency: NUST
150 ## - HEADING--TOPICAL TERM
- Topical term or geographic name entry element: Control problems in Robotics and automation
670 ## - SOURCE DATA FOUND
- Source citation: Work cat.: (NUST): B Siciliano 124718, Control problems in Robotics and automation , 1998.
